Informační management pro restrukturalizaci českého průmyslu

Podstata pojmu "informačný manažment". Aktuálnosť reštrukturalizácie českých priemyselných podnikov. Ponímanie reštrukturalizácie z hľadiska informačného manažmentu. Proces reštrukturalizácie v českom priemysle. Stratégia reštrukturalizácie a závislosť jej úspechu na vnútropodnikovom riadení firiem.

Saved in:
Bibliographic Details
Main Author: Vodáček, Leo
Format: Book Chapter
Language:Czech
Subjects:
Tags: Add Tag
No Tags, Be the first to tag this record!

MARC

LEADER 00000naa a2200000 4500
001 r018062
005 20221213081637.8
041 0 |a cze 
044 |a CZ 
245 1 0 |a Informační management pro restrukturalizaci českého průmyslu  |c Leo Vodáček 
520 |a Podstata pojmu "informačný manažment". Aktuálnosť reštrukturalizácie českých priemyselných podnikov. Ponímanie reštrukturalizácie z hľadiska informačného manažmentu. Proces reštrukturalizácie v českom priemysle. Stratégia reštrukturalizácie a závislosť jej úspechu na vnútropodnikovom riadení firiem. 
610 2 0 |a podnik priemyselný 
610 2 0 |a Česko 
610 2 0 |a manažment informačný 
610 2 0 |a priemysel 
610 2 0 |a riadenie vnútropodnikové 
610 2 0 |a reštrukturalizácia 
610 2 0 |a stratégia podniková 
100 1 |a Vodáček, Leo